000 00368 a2200169 4500
001 57538
020 _a8526248626
040 _cAnchieta - Pituba
100 _aSouza, Flávio de
240 1 0 _aUma menina, um menino
_lpor
245 1 0 _aUma menina, um menino
300 _a47
362 0 _a2003
440 1 _aScipione
650 4 _aLiteratura juvenil
942 _cBK
999 _c57538
_d57538